Central Library OPAC University of Rajshahi

মৌলিক কৌলিবিজ্ঞান = FUNDAMENTAL GENETICS / (Record no. 39943)

MARC details
000 -LEADER
fixed length control field 00916nam a2200241 a 4500
001 - CONTROL NUMBER
control field 39943
003 - CONTROL NUMBER IDENTIFIER
rucl marc code BD-RjUL
005 - DATE AND TIME OF LATEST TRANSACTION
control field 20211209053111.0
008 - FIXED-LENGTH DATA ELEMENTS--GENERAL INFORMATION
fixed length control field 160420s1982 bg ||||| |||| 00| 0 ben d
020 ## - INTERNATIONAL STANDARD BOOK NUMBER
Terms of availability : Tk.40.00
035 ## - SYSTEM CONTROL NUMBER
System control number (BD-RjUL)40057
040 ## - CATALOGING SOURCE
Original cataloging agency BD-RjUL
Language of cataloging ben
Transcribing agency BD-RjUL
Modifying agency BD-RjUL
041 ## - LANGUAGE CODE
Language code of text/sound track or separate title ben
082 ## - DEWEY DECIMAL CLASSIFICATION NUMBER
Edition number 23
Classification number 576.5
Author mark and year ALM 1982
100 ## - MAIN ENTRY--PERSONAL NAME
Personal name আলী, শেখ জিনাত
9 (RLIN) 123033
245 10 - TITLE STATEMENT
Title মৌলিক কৌলিবিজ্ঞান = FUNDAMENTAL GENETICS /
Statement of responsibility, etc. শেখ জিনাত আলী
260 ## - PUBLICATION, DISTRIBUTION, ETC. (IMPRINT)
Place of publication, distribution, etc. ঢাকা :
Name of publisher, distributor, etc. বাংলা একাডেমী,
Date of publication, distribution, etc. ১৯৮২.
300 ## - PHYSICAL DESCRIPTION
Pagination [ছয়] ২৭৭ পৃ. :
Illustrations চিত্র ;
Size ২১ সেমি.
504 ## - BIBLIOGRAPHY, ETC. NOTE
Bibliography, etc গ্রন্থপঞ্জি ও পরিভাষা সংযুক্ত.
650 ## - SUBJECT ADDED ENTRY--TOPICAL TERM
Topical term or geographic name as entry element কৌলিবিজ্ঞান
9 (RLIN) 123034
Topical term or geographic name as entry element Genetics
9 (RLIN) 117737
942 ## - ADDED ENTRY ELEMENTS (KOHA)
Source of classification or shelving scheme Dewey Decimal Classification
Koha item type Books
Holdings
Lost status Source of classification or shelving scheme Damaged status Not for loan Collection code Permanent Location Current Location Shelving location Date acquired Source of acquisition Cost, normal purchase price Total Checkouts Full call number Date last seen Copy number Koha item type
  Dewey Decimal Classification     Non-fiction Central Library, University of Rajshahi Central Library, University of Rajshahi   24/10/1987 Bangla Academy, Dhaka 40.00   B 576.5 ALM 1982 20/04/2016 C-2 Books
  Dewey Decimal Classification     Non-fiction Central Library, University of Rajshahi Central Library, University of Rajshahi   24/10/1987 Bangla Academy, Dhaka 40.00   B 576.5 ALM 1982 20/04/2016 C-3 Books
  Dewey Decimal Classification     Non-fiction Central Library, University of Rajshahi Central Library, University of Rajshahi   14/10/1992 Bangla Academy, Dhaka. 40.00   B 576.5 ALM 1982 23/04/2016 C-4 Books
  Dewey Decimal Classification     Non-fiction Central Library, University of Rajshahi Central Library, University of Rajshahi   24/10/1987 Bangla Academy, Dhaka. 40.00   B 576.5 ALM 1982 18/07/2016 C-5 Books
  Dewey Decimal Classification   Not For Loan Non-fiction Central Library, University of Rajshahi Central Library, University of Rajshahi Reading Room 09/12/2021 Bangla Academi, Dhaka 40.00   B 576.5 ALM 1982 29/04/2017 C-1 Books